Pokémon that Lose their Type - Statistics

General Stats
  • This quiz has been taken 70 times
    59 since last reset
  • The average score is 8 of 22
Answer Stats
Type lost Answer % Correct
Normal Eevee
77%
Fairy Kirlia (→Gallade)
55%
Rock Aggron
52%
Flying Altaria
45%
Flying Charizard (→Mega Charizard X)
45%
Ground Nincada
45%
Rock Onix
45%
Bug Skorupi
45%
Flying Dartrix
42%
Flying Gyarados
42%
Flying Scyther
42%
Water Surskit
42%
Normal Azurill
35%
Fairy Mime Jr. (in Galar)
35%
Normal Fletchling
32%
Poison Gloom (→ Bellossom)
32%
Water Skrelp
32%
Normal Swablu
32%
Ground Cubone (in Alola)
23%
Psychic Exeggcute (in Alola)
19%
Ground Pupitar
16%
Normal Rufflet (in Hisui)
6%
No matching quizzes found
Score Distribution
Percent of People with Each Score
Percentile by Number Answered
Your Score History
You have not taken this quiz since the last reset